[Event "Montesilvano Adriatico op 3rd"]
[Site "Montesilvano"]
[Date "2013.09.22"]
[Round "4"]
[White "Quimi, Marco"]
[Black "Carnicelli, Valerio"]
[Result "1/2-1/2"]
[WhiteElo "2169"]
[BlackElo "2046"]
[PlyCount "84"]
[EventDate "2013.09.20"]
[EventType "swiss"]
[EventRounds "5"]
[EventCountry "ITA"]
[SourceTitle "EXT 2015"]
[Source "ChessBase"]
[SourceDate "2014.11.20"]
[SourceVersion "1"]
[SourceVersionDate "2014.11.20"]
[SourceQuality "1"]

1. d4 d5 2. Bf4 e6 3. Nf3 Bd6 4. e3 Bxf4 5. exf4 Qd6 6. Qc1 Nf6 7. Bd3 b6 8. 0-0 0-0 9. Na3 Ba6 10. Nb5 Qe7 11. Ne5 c6 12. Nc3 Bxd3 13. Nxd3 Nbd7 14. Re1 Qd6 15. Qe3 a6 16. Rad1 Rac8 17. Ne2 c5 18. c3 Rfe8 19. Ne5 Qe7 20. Ng3 Nxe5 21. fxe5 Nd7 22. Qf4 h6 23. h4 Kh7 24. Nh5 Rg8 25. Re3 g6 26. Nf6+ Nxf6 27. exf6 Qc7 28. Re5 cxd4 29. Rxd4 Qd6 30. Qe3 b5 31. h5 g5 32. a4 Rc4 33. axb5 axb5 34. b3 Rxd4 35. Qxd4 Rc8 36. Re3 Kg8 37. Qd3 b4 38. c4 Qf4 39. Rxe6 Qc1+ 40. Kh2 Qf4+ 41. Kg1 Qc1+ 42. Kh2 dxc4 1/2-1/2

[Event "Benidorm op U2300 10th"]
[Site "Benidorm"]
[Date "2011.12.04"]
[Round "3"]
[White "Vinals Rioja, Jaume"]
[Black "Quimi, Marco"]
[Result "0-1"]
[WhiteElo "2039"]
[BlackElo "2163"]
[PlyCount "122"]
[EventDate "2011.12.02"]
[EventType "swiss"]
[EventRounds "10"]
[EventCountry "ESP"]
[SourceTitle "CBM 145 Extra"]
[Source "ChessBase"]
[SourceDate "2012.01.03"]
[SourceVersion "1"]
[SourceVersionDate "2012.01.03"]
[SourceQuality "1"]

1. e4 c5 2. c3 d5 3. exd5 Qxd5 4. d4 e6 5. Nf3 Nf6 6. Be2 Be7 7. 0-0 0-0 8. h3 Nc6 9. Be3 b6 10. dxc5 bxc5 11. c4 Qxd1 12. Rxd1 Rb8 13. b3 Nb4 14. Na3 Ne4 15. Ne1 Nc3 16. Rd2 Nxe2+ 17. Rxe2 Bb7 18. Nac2 Na6 19. Rd1 Bc6 20. Red2 f6 21. f4 Kf7 22. Kf2 h5 23. h4 Rfc8 24. Nd3 Be4 25. g3 Rb7 26. Ke2 Bf5 27. Nf2 Nc7 28. Ne1 Ne8 29. Ned3 Rbc7 30. Nb2 Rc6 31. Na4 Nc7 32. Nc3 a6 33. Nce4 Ne8 34. Kf3 Ra8 35. Rd7 e5 36. R7d2 exf4 37. Bxf4 a5 38. Nd6+ Bxd6 39. Bxd6 a4 40. Kf4 g6 41. Ne4 axb3 42. axb3 Ng7 43. Rd5 Ne6+ 44. Ke3 Re8 45. Be5 Nf8 46. Nd6+ Rxd6 47. Rxd6 Rxe5+ 48. Kf2 Bc2 49. R1d5 Bxb3 50. Rxe5 fxe5 51. Rd5 Ne6 52. Rxe5 Bxc4 53. Kf3 Kf6 54. Re1 Bd5+ 55. Ke3 c4 56. Rg1 Kf5 57. Rd1 Ke5 58. Rg1 Nd4 59. g4 Nf3 60. Rg3 Nxh4 61. gxh5 Nf5+ 0-1

[Event "Rome ASR op"]
[Site "Rome"]
[Date "2011.10.06"]
[Round "5"]
[White "Quimi, Marco"]
[Black "Dietrich, Stefano"]
[Result "1-0"]
[WhiteElo "2188"]
[BlackElo "1880"]
[PlyCount "111"]
[EventDate "2011.09.15"]
[EventType "swiss"]
[EventRounds "5"]
[EventCountry "ITA"]
[SourceTitle "EXT 2024"]
[Source "ChessBase"]
[SourceDate "2023.10.10"]
[SourceVersion "1"]
[SourceVersionDate "2023.10.10"]
[SourceQuality "1"]

1. e4 c5 2. Nc3 g6 3. f4 d6 4. Bc4 Bg7 5. Nf3 e6 6. 0-0 Ne7 7. d3 0-0 8. Qe1 d5 9. Bb3 Nbc6 10. f5 d4 11. fxe6 dxc3 12. exf7+ Kh8 13. bxc3 Na5 14. Qh4 Nxb3 15. Bg5 Rxf7 16. Bxe7 Rxe7 17. Ng5 Qg8 18. axb3 Bxc3 19. Rad1 Bd7 20. Rf3 Rf8 21. Rdf1 Rxf3 22. Rxf3 Bd2 23. Nxh7 Rxh7 24. Qf6+ Rg7 25. Qh4+ Qh7 26. Rf8+ Rg8 27. Rxg8+ Kxg8 28. Qd8+ Kg7 29. Qxd7+ Kg8 30. Qc8+ Kg7 31. Qxc5 Qh4 32. g3 Qg4 33. Kf2 Qh3 34. Kg1 Qg4 35. Kg2 Qe2+ 36. Qf2 Qxf2+ 37. Kxf2 Bc3 38. Ke3 b5 39. d4 a5 40. Kd3 Bb4 41. c4 bxc4+ 42. Kxc4 g5 43. Kd5 g4 44. e5 Kf7 45. Ke4 Ke6 46. d5+ Kd7 47. Kf5 Bc3 48. e6+ Ke7 49. Kxg4 Be5 50. h4 Bd6 51. Kf5 Kf8 52. g4 Kg7 53. g5 Bc5 54. h5 Bd6 55. h6+ Kh7 56. Kf6 1-0

[Event "Rome ASR op"]
[Site "Rome"]
[Date "2011.09.16"]
[Round "2"]
[White "Quimi, Marco"]
[Black "Castellano, Lorenzo"]
[Result "1-0"]
[WhiteElo "2188"]
[BlackElo "1872"]
[PlyCount "151"]
[EventDate "2011.09.15"]
[EventType "swiss"]
[EventRounds "5"]
[EventCountry "ITA"]
[SourceTitle "EXT 2024"]
[Source "ChessBase"]
[SourceDate "2023.10.10"]
[SourceVersion "1"]
[SourceVersionDate "2023.10.10"]
[SourceQuality "1"]

1. e4 c5 2. Nf3 d6 3. d4 cxd4 4. Nxd4 Nf6 5. Nc3 a6 6. g3 e5 7. Nb3 Be6 8. Bg2 Nbd7 9. 0-0 Qc7 10. a4 Be7 11. h3 Nc5 12. g4 h6 13. a5 b5 14. axb6 Qxb6 15. Nxc5 Qxc5 16. Na4 Qc6 17. Re1 Rd8 18. Nc3 g5 19. Nd5 Bxd5 20. exd5 Qb7 21. Re3 Rc8 22. Rb3 Qc7 23. Rc3 Qb7 24. Rxc8+ Qxc8 25. Qd3 0-0 26. Rxa6 Nd7 27. b4 Qb7 28. c3 Rc8 29. Rc6 Ra8 30. Be3 e4 31. Qxe4 Ne5 32. Bd4 Nxc6 33. dxc6 Qc7 34. Qd5 Ra1+ 35. Bf1 Rd1 36. b5 Qa5 37. Qc4 Bd8 38. b6 Rxd4 39. Qxd4 Bxb6 40. Qxd6 Bc7 41. Qxh6 Qe5 42. Bd3 Qg7 43. Qh5 Bb6 44. h4 gxh4 45. Qxh4 Qxc3 46. Qh7+ Kf8 47. Qe4 Qd2 48. Qf5 Qc1+ 49. Kg2 Qxc6+ 50. Be4 Qe6 51. Qf3 Kg7 52. Bd5 Qf6 53. Qg3 Bd4 54. f4 Qd6 55. Qf3 Qb4 56. Be4 Qd2+ 57. Kg3 Bg1 58. g5 Bh2+ 59. Kg4 Qe1 60. Qg2 Qg1 61. Qxg1 Bxg1 62. Kf5 Be3 63. Bd5 Bd2 64. Be4 Bc1 65. Ke5 Bb2+ 66. Kd6 Bc1 67. Ke5 Bb2+ 68. Kf5 Bc1 69. Bf3 Bd2 70. Bh5 Be3 71. Kg4 Bd2 72. f5 f6 73. g6 Bg5 74. Kf3 Kf8 75. Ke4 Ke7 76. g7 1-0

[Event "Rome Accademia Primavera op"]
[Site "Rome"]
[Date "2011.04.02"]
[Round "4"]
[White "Quimi, Marco"]
[Black "Gromovs, Sergejs"]
[Result "1/2-1/2"]
[WhiteElo "2140"]
[BlackElo "2308"]
[PlyCount "23"]
[EventDate "2011.04.01"]
[EventType "swiss"]
[EventRounds "5"]
[EventCountry "ITA"]
[SourceTitle "EXT 2023"]
[Source "ChessBase"]
[SourceDate "2022.10.05"]
[SourceVersion "1"]
[SourceVersionDate "2022.10.05"]
[SourceQuality "1"]

1. d4 d5 2. Nf3 Nf6 3. Bf4 Bf5 4. Nbd2 e6 5. e3 Bd6 6. c3 0-0 7. Be2 Bxf4 8. exf4 Qd6 9. g3 c5 10. 0-0 Nc6 11. dxc5 Qxc5 12. Re1 1/2-1/2

[Event "Rome Nobile Memorial 4th"]
[Site "Rome"]
[Date "2011.01.14"]
[Round "2"]
[White "Russo, Roberto"]
[Black "Quimi, Marco"]
[Result "0-1"]
[WhiteElo "1872"]
[BlackElo "2114"]
[PlyCount "44"]
[EventDate "2011.01.13"]
[EventType "swiss"]
[EventRounds "7"]
[EventCountry "ITA"]
[SourceTitle "EXT 2012"]
[Source "ChessBase"]
[SourceDate "2011.11.24"]
[SourceVersion "1"]
[SourceVersionDate "2011.11.24"]
[SourceQuality "1"]

1. f4 g6 2. e4 Bg7 3. d4 d6 4. Nc3 Nd7 5. Be2 c5 6. Nf3 cxd4 7. Nxd4 Ngf6 8. Be3 0-0 9. 0-0 a6 10. Qd2 Qc7 11. Rae1 b5 12. Bf3 Bb7 13. e5 dxe5 14. fxe5 Nxe5 15. Bf4 Nxf3+ 16. Nxf3 Qb6+ 17. Be3 Qc6 18. Nd4 Qd7 19. Qe2 b4 20. Nd1 Ng4 21. Nf3 a5 22. Bf4 Ba6 0-1

[Event "Rome ASR op"]
[Site "Rome"]
[Date "2010.09.30"]
[Round "4"]
[White "Quimi, Marco"]
[Black "Napoli, Nicolo"]
[Result "0-1"]
[WhiteElo "2195"]
[BlackElo "2308"]
[PlyCount "25"]
[EventDate "2010.09.16"]
[EventType "swiss"]
[EventRounds "5"]
[EventCountry "ITA"]
[SourceTitle "EXT 2024"]
[Source "ChessBase"]
[SourceDate "2023.10.10"]
[SourceVersion "1"]
[SourceVersionDate "2023.10.10"]
[SourceQuality "1"]

1. e4 e5 2. Nf3 Nc6 3. Bb5 a6 4. Ba4 Bc5 5. 0-0 b5 6. Bb3 Nf6 7. c3 Qe7 8. a4 Bb7 9. axb5 axb5 10. Rxa8+ Bxa8 11. Qe2 0-0 12. Na3 Na5 13. Bc2 0-1

[Event "Bisaccia op 2nd"]
[Site "Bisaccia"]
[Date "2010.06.02"]
[Round "7"]
[White "Laketic, Gojko"]
[Black "Quimi, Marco"]
[Result "1-0"]
[WhiteElo "2453"]
[BlackElo "2163"]
[PlyCount "37"]
[EventDate "2010.05.29"]
[EventType "swiss"]
[EventRounds "7"]
[EventCountry "ITA"]
[SourceTitle "EXT 2024"]
[Source "ChessBase"]
[SourceDate "2023.10.10"]
[SourceVersion "1"]
[SourceVersionDate "2023.10.10"]
[SourceQuality "1"]

1. d4 Nf6 2. c4 c6 3. Nc3 g6 4. e4 d6 5. Nf3 Bg7 6. Be2 0-0 7. 0-0 Bg4 8. h3 Bxf3 9. Bxf3 Nbd7 10. Be3 e5 11. Qd2 exd4 12. Bxd4 Qc7 13. Rad1 Rad8 14. Qc2 Nc5 15. e5 Nfd7 16. exd6 Qc8 17. Bxg7 Kxg7 18. b4 Ne6 19. c5 1-0

[Event "Bisaccia op 2nd"]
[Site "Bisaccia"]
[Date "2010.05.30"]
[Round "2"]
[White "Seletsky, Grigory"]
[Black "Quimi, Marco"]
[Result "1-0"]
[WhiteElo "2337"]
[BlackElo "2163"]
[PlyCount "59"]
[EventDate "2010.05.29"]
[EventType "swiss"]
[EventRounds "7"]
[EventCountry "ITA"]
[SourceTitle "EXT 2024"]
[Source "ChessBase"]
[SourceDate "2023.10.10"]
[SourceVersion "1"]
[SourceVersionDate "2023.10.10"]
[SourceQuality "1"]

1. e4 e5 2. Nf3 d6 3. d4 Nf6 4. Nc3 Nbd7 5. Bc4 Be7 6. 0-0 0-0 7. a4 c6 8. Re1 Nxe4 9. Rxe4 d5 10. Bxd5 Nf6 11. Bb3 Nxe4 12. Nxe4 Bg4 13. Be3 exd4 14. Qxd4 Bxf3 15. Qxd8 Rfxd8 16. gxf3 b6 17. a5 c5 18. Ng5 Bxg5 19. Bxg5 Rf8 20. Bd5 Rac8 21. axb6 axb6 22. Ra7 h6 23. Be7 Rfe8 24. c4 Kh8 25. Bxf7 Ra8 26. Rd7 Reb8 27. Bd5 Ra1+ 28. Kg2 Rd1 29. Be6 Re8 30. f4 1-0

[Event "Rome Accademia Winter"]
[Site "Rome"]
[Date "2010.02.14"]
[Round "5"]
[White "Quimi, Marco"]
[Black "Trebeschi, Andrea"]
[Result "1-0"]
[WhiteElo "2147"]
[BlackElo "2039"]
[PlyCount "51"]
[EventDate "2010.02.12"]
[EventType "swiss"]
[EventRounds "5"]
[EventCountry "ITA"]
[SourceTitle "EXT 2024"]
[Source "ChessBase"]
[SourceDate "2023.10.10"]
[SourceVersion "1"]
[SourceVersionDate "2023.10.10"]
[SourceQuality "1"]

1. d4 d6 2. Nf3 Nf6 3. h3 g6 4. Bf4 Bg7 5. Nbd2 0-0 6. e3 b6 7. Bc4 Bb7 8. 0-0 Nbd7 9. c3 Qe8 10. Qb3 h6 11. Rfd1 e6 12. a4 a6 13. Bh2 Qe7 14. Qc2 Rfe8 15. Bb3 e5 16. dxe5 dxe5 17. Qxg6 Nc5 18. Qc2 Nxb3 19. Qxb3 Rad8 20. Nxe5 Ne4 21. Nxe4 Bxe5 22. Bxe5 Qxe5 23. Ng3 Bd5 24. Qb4 c5 25. Qxb6 Rb8 26. Qxc5 1-0

[Event "Rome FIDE op 9th"]
[Site "Rome"]
[Date "2009.05.17"]
[Round "4"]
[White "Napoli, Nicolo"]
[Black "Quimi, Marco"]
[Result "1-0"]
[WhiteElo "2353"]
[BlackElo "2242"]
[PlyCount "87"]
[EventDate "2009.05.15"]
[EventType "swiss"]
[EventRounds "5"]
[EventCountry "ITA"]
[SourceTitle "EXT 2011"]
[Source "ChessBase"]
[SourceDate "2010.11.26"]
[SourceVersion "1"]
[SourceVersionDate "2010.11.26"]
[SourceQuality "1"]

1. d4 d5 2. Bg5 c6 3. e3 Qb6 4. Qc1 Bf5 5. Nd2 Nd7 6. Ne2 h6 7. Bf4 Ngf6 8. c4 e6 9. Nc3 Nh5 10. Bg3 Nxg3 11. hxg3 Be7 12. Be2 0-0 13. g4 Bg6 14. f4 c5 15. f5 cxd4 16. exd4 Bh7 17. Nf3 exf5 18. Nxd5 Qd6 19. g5 hxg5 20. Nxe7+ Qxe7 21. Qxg5 Rfe8 22. Qxe7 Rxe7 23. Kf2 f4 24. Ng5 Rae8 25. Bf3 Nf6 26. Rh4 Bd3 27. Rah1 g6 28. Rxf4 Kg7 29. d5 Re5 30. Nh3 b5 31. b3 bxc4 32. bxc4 Rc8 33. Rc1 Nxd5 34. Rd4 Nb4 35. c5 Rb8 36. c6 Nxa2 37. c7 Rb2+ 38. Kg3 Bf5 39. c8Q Bxc8 40. Rxc8 a5 41. Rc7 Nb4 42. Rdd7 Rf5 43. Be4 Rf1 44. Nf4 1-0